LEADER 00944nam a2200241 i 4500 001 000000243505 003 CaOOAMICUS 005 20150708000000.0 008 150708s1979 it u000 u ita u 013 $a222410 040 $aSeMil$bita 100 1 $aPellegrino, Michele,$c.$0(OLS)http://semarc/name/9924 245 10$aOmelie televisive /$cMichele card. Pellegrino. 260 $aBrescia :$bQueriniana,$ccopyr. 1979. 300 $a85 p. ;$c20 cm. 490 0 $aSpiritualitą ;$v16 650 4$aPrediche, omelie, sermoni - Sec. 20.-21.$0(OLS)http://semarc/subject/12029 830 0$aSpiritualitą ;$v16.$0(OLS)http://semarc/title/5897 850 $aSeMil 852 $aSeMil$W1$xVenegono$y1$m3F II 607$j193851$B193851$CSeMilBibl$Z2$F205289 $81 961 $aOmaggio: Altro 996 $6245$aOmelie televisive$9(OLS)http://semarc/title/345358 996 $6260$aBrescia :$bQueriniana$9(OLS)http://semarc/publisher/29615 LEADER 01251nam a2200205 i 4500 001 000000026577 003 CaOOAMICUS 005 20180830125447.0 008 180830s1957 sp u000 u und u 040 $aSeMil$bita 245 10$aActas del Congreso Nacional de Perfeccion y Apostolado celebrado bajo la presidencia del Emmo. Sr. Cardenal Valerio Valeri prefecto del la sda. C. de Religiosos en Madrid del 23 de septiembre al 3 de octubre de 1956. 260 $aMadrid :$bEditorial Coculsa,$c1957-1959. 300 $a4 v. ;$c25 cm. 700 1 $aValeri, Valerio,$c.$0(OLS)http://semarc/name/11935 774 0 $tIntroduccion historica y sesiones comunes.$gVol.1$w()47890 774 0 $tSesiones del clero secular.$gVol.2$w()212357 774 0 $tSesiones generales de la seccion religiosos.$gVol.3$w()212358 774 0 $tReligiosos (sesiones particulares) ; Religiosas ; Institutos seculares.$gVol.4$w()212359 996 $6245$aActas del Congreso Nacional de Perfeccion y Apostolado celebrado bajo la presidencia del Emmo. Sr. Cardenal Valerio Valeri prefecto del la sda. C. de Religiosos en Madrid del 23 de septiembre al 3 de octubre de 1956$9(OLS)http://semarc/title/35878 996 $6260$aMadrid :$bEditorial Coculsa$9(OLS)http://semarc/publisher/30191